Moṭhe māse āṇi chṭe māse : (Record no. 65157)

MARC details
000 -LEADER
fixed length control field 00629cam a2200205 i 4500
001 - CONTROL NUMBER
control field sa 65007429
003 - CONTROL NUMBER IDENTIFIER
control field DLC
005 - DATE AND TIME OF LATEST TRANSACTION
control field 20260227112148.0
008 - FIXED-LENGTH DATA ELEMENTS--GENERAL INFORMATION
fixed length control field 811029s1957 ii a 000 0 mar
010 ## - LIBRARY OF CONGRESS CONTROL NUMBER
LC control number sa 65007429
040 ## - CATALOGING SOURCE
Original cataloging agency DLC
Transcribing agency DLC
Modifying agency DLC
050 00 - LIBRARY OF CONGRESS CALL NUMBER
Classification number PK2418.D42
Item number M6
100 1# - MAIN ENTRY--PERSONAL NAME
Personal name Deshpande, Purushottam Lakshman,
Dates associated with a name 1919-2000.
245 10 - TITLE STATEMENT
Title Moṭhe māse āṇi chṭe māse :
Remainder of title tīna ekāṅkikā /
Statement of responsibility, etc. Purushottama Lakshmaṇa Deśapāṇḍe.
250 ## - EDITION STATEMENT
Edition statement [Prathamāvr̥tti].
260 ## - PUBLICATION, DISTRIBUTION, ETC.
Place of publication, distribution, etc. Mumbaī :
Name of publisher, distributor, etc. Śirīsha Ejansīj,
Date of publication, distribution, etc. [1957]
300 ## - PHYSICAL DESCRIPTION
Extent 115 p. :
Other physical details ill. ;
Dimensions 19 cm.
500 ## - GENERAL NOTE
General note In Marathi.
500 ## - GENERAL NOTE
General note Plays.

No items available.

Powered by Koha